| 000 | 00372cam a2200145ua 4500 | ||
|---|---|---|---|
| 041 |
_aeng _h |
||
| 082 |
_a425 _bRA/APP |
||
| 100 | _aH.B. Drake, H.B, Drake . | ||
| 245 | _aApproach to english literature for stuents Aboard. Book III | ||
| 260 |
_aLondon : _bOxford university press , _c1963. |
||
| 300 | _a168 ; . | ||
| 504 | _a | ||
| 942 | _cBK | ||
| 999 |
_c11174 _d11174 |
||